000 00959nam a2200289 a 4500
001 24649
003 CO-ViMGA
008 141112s2004 ck r 000 u spa d
015 _ack - 2011 - xxxx
020 _a9789586487146
040 _aCO-ViMGA
_bspa
_cCO-ViMGA
082 0 4 _a344.86101 G272g
245 1 0 _aGuía laboral 2011 /
_cGerencie.com
260 _aBogotá :
_bEcoe Ediciones,
_c2011
300 _a334 p. ; 24 cm.
490 _aCiencias políticas. Derecho
504 _aBibliografía : p. [335]
598 _aNEW - GRAL, NEW
650 1 4 _aContratos de trabajo - Colombia
_931900
650 1 4 _aDerecho de los trabajadores - Colombia
_936721
650 1 4 _aDerecho laboral - Legislación - Colombia
_922805
650 1 4 _aLegislación laboral - Colombia
_936722
650 1 4 _aProcedimiento laboral - Colombia
_918432
710 _aGerencie.com
_936723
942 _2ddc
_cBK
990 _aEcoe Editores 2 ejemplares 21 05/04/2011 n a754772
999 _c32461
_d32461